000 00643nam a2200253Ia 4500
003 OSt
005 20221006145013.0
006 a|||||r|||| 00| 0
007 ta
008 221006b |||||||| |||| 00| 0 eng d
020 _c25.00
024 _a13,473
037 _cTextual
040 _aEASL
_cEASL
_beng
041 _2eng
_aeng
082 _aV44Q72:8.N71<-N66, L2
245 0 _aBangladesh documents
260 _aMadras
_bB N K Press
_c1972
300 _a719p.
_ccm.
490 _v Oth
650 _aBangladesh documents
_9653315
942 _hV44Q72:8.N71<-N66, L2
_cTEXL
_2CC
999 _c1081559
_d1081559